00399nam a2200157Ia 4500008004100000020001500041041001200056082001100068100001700079245007800096250000800174260002500182300000800207650000800215700001800223221030s9999 xx 000 0 und d a8120300545 aEnglish a105.23 aE. C. Jordan 0aElectromagnetic Waves & Radiating Systemscby E. C. Jordan, K. G. Balmain a2nd bPHIaNew Delhic2011 a753 aEMT aK. G. Balmain